Statistics for Furthest Away Capital Cities of Bordering Countries

Click here to take the quiz!

General Stats

  • This quiz has been taken 501 times
  • The average score is 56 of 80

Answer Stats

CAP% Correct
MOSCOW
97%
Moscow
97%
Moscow
97%
Moscow
97%
Beijing
91%
Beijing
91%
Beijing
91%
Beijing
91%
Beijing
91%
Beijing
91%
Beijing
91%
Beijing
91%
Beijing
91%
Beijing
91%
Beijing
91%
BEIJING
91%
Brasilia
86%
BRASILIA
86%
Brasilia
86%
Brasilia
86%
Brasilia
86%
Brasilia
86%
Brasilia
86%
Brasilia
86%
WASHINGTON
84%
New Delhi
81%
NEW DELHI
81%
New Delhi
81%
MEXICO CITY
79%
PYONGYANG
79%
Lima
78%
LIMA
78%
PARIS
78%
Paris
78%
BUENOS AIRES
77%
SANTIAGO
77%
ISLAMABAD
75%
Islamabad
75%
BOGOTA
74%
Astana
70%
ASTANA
70%
CARACAS
70%
KABUL
70%
ULAANBAATAR
67%
HANOI
66%
TEHRAN
65%
KATHMANDU
64%
MONTEVIDEO
64%
ALGIERS
62%
Algiers
62%
Algiers
62%
GEORGETOWN
60%
BISHKEK
58%
Jakarta
58%
JAKARTA
58%
Paramaribo
58%
PARAMARIBO
58%
TRIPOLI
57%
Tripoli
57%
Tripoli
57%
KINSHASA
56%
Kinshasa
56%
DUSHANBE
55%
KHARTOUM
51%
THIMPHU
50%
VIENTIANE
49%
BAMAKO
48%
N'DJAMENA
48%
PORT MORESBY
48%
Niamey
47%
NIAMEY
47%
DILI
45%
Nay Pyi Taw
43%
NAY PYI TAW
43%
Dodoma
41%
DODOMA
41%
MAPUTO
41%
JUBA
40%
NOUAKCHOTT
40%
COLOMBO
30%

Score Distribution

Percentile by Number Answered

Percent of People with Each Score

Your Score History

You have not taken this quiz